00632nam a2200229Ia 4500008004100000020001800041100001600059245002900075245001600104260001500120260002000135260000900155300002300164300001100187440003400198440001200232650002100244650001800265700000800283999001900291952009200310160803s9999 xx 000 0 und d a9780545035224 aStine, R.L  aOne day at HorrorLand /  cR.L. Stine. aNew York : bScholastic Inc. c1994 a123, [12] pages ;  c20 cm. aGoosebumps original series ;  v[v. 16] aFantasy fiction. aHorror tales. a490 c299412d299412 001040aSSISBbSSISBcLEXd2016-08-03l0pSC-1338r2016-08-03 00:00:00w2016-08-03yBK